000
00313nam a22001337a 4500
003
SGT
082
_a
617.632
_b
O20N
100
_a
NAGPAL, MONIKA
245
_a
ORAL SEDATION AND ORAL SEDATIVE AGENTS IN PEDIATRIC DENTISTRY
260
_a
SGTU
_c
2020
300
_a
107
650
_a
PEDODONTICS
942
_2
ddc
_c
TH
999
_c
21113
_d
21113